000 01707nam2a2200265 4500
001 RU\NLR\bibl\1891866
005 20260406143834.0
021 _aRU
_b2012-14143п
_9680п
035 _a(NLR Aleph) 001881551
090 _a2797783
_c2797783
100 _a20120412d2011 |||y0rusy50 ca
101 0 _arus
102 _aRU
105 _aa |||||||||
200 1 _aЯнварь - июнь 2011 г.
_fМежрегион. ассоц. "Сиб. соглашение", Ин-т экономики и орг. пром. пр-ва СО РАН, Фак. бизнеса Новосиб. гос. техн. ун-та
210 _d2011
_aБ. м.
215 _a71, [1] с.
_cил., цв. ил.
461 0 _1001RU\NLR\bibl\834612
_12001#$aСибирское экономическое обозрение$vВып. 26
_91315805
_cНовосибирск
_d2005
_fИн-т экономики и орг. пром. пр-ва СО РАН, Межрегион. ассоц. "Сиб. соглашение", Сиб. аналит. и инжиниринговый центр "Регион-развитие"
_nИЭОПП СО РАН
_oинформационно-аналитический выпуск : (тенденции экономического и социального развития, финансового состояния, региональные рейтинги)
_tСибирское экономическое обозрение
_vВып. 26
712 0 2 _4570
_a"Сибирское соглашение", межрегиональная ассоциация
_3RU\NLR\AUTH\889923074
_9342089
801 0 _aRU
_bNLR
_c20120412
_gRCR
801 1 _aRU
_bNLR
_c20120412
942 _cBOOK
980 _aNB